Länder, die Gabun am nächsten liegen - Einminütiger Sprint - Statistiken

Allgemein
  • Dieses Quiz wurde 57 mal gespielt
  • Das Durchschnittsergebnis liegt bei 14 aus 20
Antwortstatistiken
km Land % Korrekt
0 Kamerun
98%
158 Dem. Rep. Kongo
96%
0 Kongo
96%
118 Angola
90%
0 Äquatorial-Guinea
86%
1184 Niger
84%
418 Nigeria
82%
1044 Togo
82%
969 Benin
80%
232 Zentralafrikanische Republik
76%
1463 Namibia
73%
1091 Ghana
69%
637 Tschad
63%
1442 Côte d'Ivoire
57%
237 São Tomé und Príncipe
57%
1314 Südsudan
47%
1396 Sudan
45%
1429 Burkina Faso
39%
1435 Sambia
39%
1604 Ruanda
27%
Keine übereinstimmenden Quizze gefunden
Verteilung der Resultate
Anzahl Personen mit jedem Resultat
Perzentil nach korrekt beantworteten Fragen
Ihre Resultats-Entwicklung
Sie haben dieses Quiz noch nicht gespielt